1225 1012 1332 1086 1761 1971 1217 1803 1790 1872 1570 1907 1144 1251 1760 1972 1277 1921 1137 1926 1282 1292 1426 1187 1497 1659 1709 1873 1561 1325 1475 1305 1280 1361 1233 1317 1184 1015 1704 1826 1263 1267 1050 1825 1263 1933 1446 1490 1463 1144 1138 1212 1070 1933 1432 1975 1243 1666 1382 1906 1640 1385 1074 1814 1727 1234 1420 1187 1676 1263 1878 1802 1480 1415 1958 1509 1157 1685 1769 1771 1456 1360 1452 1366 1667 1234 1868 1666 1503 1210 1401 1058 1613 1792 1241 1878 1568 1573 1785 BCNSPRNW ULIB Ver.6.0+V

เปลี่ยนเป็นภาษาไทย

Change to English
 แสดงรายละเอียดบรรณานุกรม
  กลับหน้าหลัก

Brief Record : Get Marc (ISO 2709) : E-mail record : QR code < ปิดหน้าต่าง
LEADER : 00000nam 2200000uu 4500
001    13399127359
003     ULIB
008    200512s2018||||th 000 0 tha d
020    ^a9781496355010
060 04 ^aWB354^bI43
245 00 ^aInfusion therapy :^bmade incredibly easy /^cClinicaleditor, Lynn Hadaway
246 31 ^aMade incredibly easy
250    ^a5th ed.
260    ^aPhiladelphia :^bWolters Kluwer,^cc2018
300    ^avii, 456 p. :^bill. ;^c23 cm.
504    ^aIncludes bibliographical references and index
650  2 ^aInfusions, Parenteral^xnursing
650  2 ^aFluid Therapy^xnursing
650  2 ^aParenteral Nutrition^xnursing
700 1  ^aHadaway, Lynn,^eed.
945    ^p1598^l0^i007032
999    ^aประนอม เกษจรัล
รายการนี้ยังไม่มีแท็ก
คุณยังไม่ได้ล็อกอิน คุณสามารถมีกิจกรรมร่วมกับเว็บไซต์ได้ แต่ต้องล็อกอินก่อน ::
  ล็อกอิน

รายการสื่อสารสนเทศ

ลำดับที่ ประเภท เลขเรียก/บาร์โค้ด สถานที่ สถานะ
1. วิทยาศาสตร์การแพทย์ และสุขภาพ
หนังสือสำรอง
สถานะ=หนังสือสำรอง
WB354 I43 ฉ.1 
  Barcode: 007032
ห้องสมุดวิทยาเขตสวรรค์ประชารักษ์
►หนังสือทั่วไป
บนชั้น

BibComment


ยังไม่เคยถูกคอมเมนท์

คอมเมนท์ทรัพยากรรายการนี้
  คอมเมนท์: Infusion therapy..


 Copyright 2026. Bcnsprnw @Library